| 000 | 01018 a2200217 4500 | ||
|---|---|---|---|
| 999 |
_c6115 _d6115 |
||
| 020 | _a0471170658 (cloth : alk. paper) | ||
| 050 | 0 | 0 | _aT58.5 TER 2001 |
| 100 | 1 | _aTurban, Efraim. | |
| 245 | 1 | 0 |
_aIntroduction to information technology / _cEfraim Turban, R. Kelly Rainer, Jr., Richard E. Potter. |
| 264 |
_aUSA: _bJohn Wiley and Sons, _c2001. |
||
| 300 |
_a550p.: (various pagings) : _bcol. ill. ; |
||
| 500 | _aIncludes an index and a glossary of terms. | ||
| 650 | 0 | _aInformation technology. | |
| 650 | 0 | _aManagement information systems. | |
| 700 | 1 |
_aRainer, R. Kelly, _cJr., _d1949- |
|
| 700 | 1 | _aPotter, Richard E. | |
| 856 | 4 |
_3Table of Contents _uhttp://www.loc.gov/catdir/toc/onix05/00036661.html |
|
| 856 | 4 | 2 |
_3Publisher description _uhttp://www.loc.gov/catdir/enhancements/fy0706/00036661-d.html |
| 942 |
_2lcc _cBK _h58.5 _iTUR _kT |
||